• 首页
  • 本馆介绍
  • 公告通知
  • 最新文献
  • 馆藏检索
  • 电子资源
  • 读者导购
  • 参考咨询
  • 我的图书馆
  • 登录
  • 详细信息显示
  • 放入我的书架
  • 预约/预借图书
  • 作者相关作品
  • 分类相关作品
  • 丛书相关作品
  • 出版社相关作品

书目信息

  • 表格格式
  • 工作单格式
  • 卡片格式
题名:
时代楷模其美多吉
    
 
作者: ;中国邮政快递报社 编
分册:  
出版信息: 北京   人民出版社  2019
页数: 192页
开本: 23cm
丛书名:
单 册:
中图分类: K828.1=76 , K828.1
科图分类:
主题词: 工人--先进事迹--中国--现代
电子资源:
ISBN: 978-7-01-020685-1
000 00891nam0 2200241 450
001 2136826701
005 20210103101405.52
010    @a978-7-01-020685-1@dCNY48.00
100    @a20190617d2019 em y0chiy50 ea
101 0  @achi
102    @aCN@b110000
105    @aab z 000yy
200 1  @a时代楷模其美多吉@9shi dai kai mo qi mei duo ji@b专著@f中国邮政快递报社编
210    @a北京@c人民出版社@d2019
215    @a192页@c彩照,地图@d23cm
330    @a本书讲述“时代楷模”“2018年度感动中国人物”其美多吉扎根雪域高原,一辈子坚守雪线邮路,走遍千山万水,传递党的关怀,情系邮政绿,甘当螺丝钉,“不忘初心,牢记使命”的动人故事和先进事迹。
600  0 @a其美多吉@x先进事迹
606 0  @a工人@x先进事迹@y中国@z现代
690    @aK828.1=76@v5
690    @aK828.1@v4
711 02 @a中国邮政快递报社@9zhong guo you zheng kuai di bao she@4编
801  2 @aCN@b58marc.cn@c20190630
905    @aZUCC@dK828.1@e4
    
    时代楷模其美多吉/中国邮政快递报社编.-北京:人民出版社,2019
    192页:彩照,地图;23cm
    
    
    ISBN 978-7-01-020685-1:CNY48.00
    本书讲述“时代楷模”“2018年度感动中国人物”其美多吉扎根雪域高原,一辈子坚守雪线邮路,走遍千山万水,传递党的关怀,情系邮政绿,甘当螺丝钉,“不忘初心,牢记使命”的动人故事和先进事迹。
●
相关链接 在五车中查询图书 在当当中查询图书 在豆瓣中查询图书


正题名:时代楷模其美多吉     索取号:K828.1/4         预约/预借

序号 登录号 条形码 馆藏地/架位号 状态 备注
1 2000876144   2000876144   思政阅览室/思1架B面2层10列/ [索取号:K828.1/4] 在馆    
2 2000876145   2000876145   思政阅览室/思1架B面2层10列/ [索取号:K828.1/4] 在馆    
3 2000876146   2000876146   思政阅览室/思1架B面2层10列/ [索取号:K828.1/4] 在馆    
山东省滨州职业学院图书馆 欢迎您!
大连网信软件有限公司© 版权所有